LEADER 00957nam a2200205 i 4500 001 000000259005 003 CaOOAMICUS 005 20200806114903.0 008 180626s1810 it u000 u ita u 013 $a237913 026 $amel' o.o. i.la sidu (7) 1810 (R) 040 $aSeMil$bita 245 10$aTom. 2. 300 $a332, [4] p. 700 1 $aBrugnatelli, Luigi Valentino.$0(OLS)http://semarc/name/89688 773 0 $aBrugnatelli, Luigi Valentino$tTrattato elementare di chimica generale appoggiato alle piu recenti scoperte, e secondo ai nuovi principj della teoria termossigena ad uso delle Regie Universitą del Regno Italico di L. V. Brugnatelli ... Tom. 1.[-4.].$bQuarta edizione notabilmente accresciuta.$dPavia : Nella Tipografia Bolzani, 1810.$g2$w()9037 850 $aSeMil 852 $aSeMil$W1$xVenegono$y1$m3W III 83 FA$j209350$B209350$CSeMilBibl$Z2$F223013 $8I 996 $6245$aTom. 2$9(OLS)http://semarc/title/68565 LEADER 01678nam a2200337 4500 001 000000345818 003 CaOOAMICUS 005 20210506103952.0 008 210506s2006 vc 000 u ita r 020 $a88-209-7786-9 040 $aSeMil$bita 100 0 $aBenedictus XVI,$c.$0(OLS)http://semarc/name/298 245 10$aLettera enciclica Deus caritas est :$bai vescovi, ai presbiteri e ai diaconi, alle persone consacrate e a tutti i fedeli laici sull'amore cristiano /$cdel Sommo Pontefice Benedetto 16. 246 13$aDeus caritas est 264 1$aCittą del Vaticano :$bLibreria Editrice Vaticana,$c2006. 300 $a95 p. ;$c17 cm 490 1 $aMagistero di Benedetto 16. ;$v5 650 4$aBenedetto XVI - Encicliche . Deus caritas est.$0(OLS)http://semarc/subject/50362 830 0$aMagistero di Benedetto 16 ;$v5.$0(OLS)http://semarc/title/20608 850 $aSeMil 852 $aSeMil$W1$xVenegono$y1$m5B III 57/12$j226136$B236872$CSeMilBibl$Z2$F236872 $81 900 1 $aRatzinger, Joseph,$d<1927-2022>. 900 0 $aBenedetto XVI$c. 961 $aMagni don Walter - Omaggio 996 $6020$a88-209-7786-9$9(OLS)http://semarc/number/293099 996 $6245$aLettera enciclica Deus caritas est :$bai vescovi, ai presbiteri e ai diaconi, alle persone consacrate e a tutti i fedeli laici sull'amore cristiano$9(OLS)http://semarc/title/434980 996 $6246$aDeus caritas est$9(OLS)http://semarc/title/223145 996 $6264$aCittą del Vaticano :$bLibreria Editrice Vaticana$9(OLS)http://semarc/publisher/29734